00800nam a2200229Ia 4500003000900000008004100009020001800050040001600068080001800084100002600102245011300128260003400241300001500275490003900290650004100329650002200370650002200392700002200414942000700436999001700443952011000460IN-BaIIA211028s9999 xx 000 0 eng d a3-540-50211-4 cIIA Library a524.3-54bKIP aKippenhahn, R.910435 0aStellar structure and evolutioncR. Kippenhahn and A. Weigert  aBerlinbSpringer-Verlagc1990 axvi, 468p. aAstronomy and astrophysics library aAstronomy and Astrophysics Thesaurus aStellar evolution aStellar structure aWeigert, A917014 cBK c10048d10048 00104070aBANbBANcGENd0000-00-00l2m4o524.3-54/ KIPp10958r2025-03-24s2025-03-24w0000-00-00yBK